Normal view
MARC view
Entry Topical Term
001 - CONTROL NUMBER
- control field: 751608
003 - CONTROL NUMBER IDENTIFIER
- control field: OSt
005 - DATE AND TIME OF LATEST TRANSACTION
- control field: 20250329140357.0
008 - FIXED-LENGTH DATA ELEMENTS
- fixed length control field: 250329|| aca||aabn | a|a d
040 ## - CATALOGING SOURCE
- Original cataloging agency: OSt
- Transcribing agency: OSt
150 ## - HEADING--TOPICAL TERM
- Topical term or geographic name entry element: Internet/ Digital Marketing/ e- marketing
670 ## - SOURCE DATA FOUND
- Source citation: Work cat.: (OSt)1308292: Mogaji Emmanuel 725334, Digital consumer management: understanding and managing consumer engagement in the digital environment, 2024
